000 01577nam a22003857a 4500
003 CHAP
005 20220329143105.0
008 060302d2006 mx r 00110 spa d
010 _a91795
011 _a92767
035 _a103333
040 _cCHAP
090 _aTesis
100 0 0 _aVelázquez Hernández, César Martín.
_9118550
245 1 0 _aSistemas de producción en la región Ch'ol y perspectivas de desarrollo regional
_c/por César Martín Velásquez Hernández
260 _aSan Cristóbal de las Casas, Chis. :
_bEl autor,
_c2006.
300 _a183 h. ; gráfs. ; mapas + 1 Disco compacto de 4 3/4 plgs.
502 _aTesis (M.C. en Desarrollo Rural Regional) -- UACH. Dirección de Centros Regionales Universitarios
590 _aALEPH
_b10
_c20130110
_lUCH01
_h1509
590 _aBATCH-UPD
_b10
_c20130110
_lUCH01
_h0220
590 _aBATCH-UPD
_b10
_c20130110
_lUCH01
_h0957
590 _aBATCH-UPD
_b10
_c20130409
_lUCH01
_h2240
590 _aBATCH-UPD
_b10
_c20130914
_lUCH01
_h1156
590 _aCONVERSION
_b10
_c20130109
_lUCH01
_h1351
650 1 4 _aDesarrollo rural.
_932067
650 1 4 _aIndios de Chiapas.
_957593
650 1 4 _aSistemas de producción.
_9106767
901 _aBK
905 _aAlejandra Carrasco M.
942 _cCD
949 _aTesis
_bBC
_cTES
_d00000001033331
_eTS1
_gDonaciØn
_h44189
_i103333
_sb
949 _aTesis
_bBC
_cTES
_d33724000999934
_eTS2
_fc.2
_gDonaciØn
_h44190
_i103333
_si
949 _aTesis
_bBC
_cTES
_d33724002025090
_eCD
_fCD
_gDonaciØn
_i103333
_sb
949 _aTesis
_bBC
_cTES
_d33724002025132
_eCD
_fc.2 CD
_gDonaciØn
_i103333
_sb
999 _c91795
_d91795